Формирователь импульсов

Detaylı Bibliyografya
Müşterek Yazar: Томский политехнический институт (ТПИ) Научно-исследовательский институт ядерной физики (НИИ ЯФ)
Diğer Yazarlar: Новиков С. А., Разин С. В., Чумерин П. Ю. Павел Юрьевич, Юшков Ю. Г. Юрий Георгиевич, Шиян В. П. Владимир Петрович
Özet:опубл. 23.04.93
Предлагаемое изобретение относится к технике СВЧ и предназначено для формирования мощных высокочастотных импульсов для целей радиолокации, исследования газового разряда и плазмы.
Dil:Rusça
Baskı/Yayın Bilgisi:
Konular:
Online Erişim:http://www1.fips.ru/fips_servl/fips_servlet?DB=RUPAT&rn=8987&DocNumber=1810988&TypeFile=html
Materyal Türü: MixedMaterials Elektronik Kitap
KOHA link:https://koha.lib.tpu.ru/cgi-bin/koha/opac-detail.pl?biblionumber=637711

MARC

LEADER 00000nlm0a2200000 4500
001 637711
005 20240118142852.0
029 1 0 |a RU  |b 1810988  |c А. с.  |d МПК H 03 K 3/53  |d МПК H 01 P 1/24 
035 |a (RuTPU)RU\TPU\network\1879 
035 |a RU\TPU\network\1871 
039 0 |a RU  |b 4916364  |c 19910305 
090 |a 637711 
100 |a 20141013j19930423k y0rusy50 ca 
101 0 |a rus 
102 |a RU 
105 |a a k 000zy 
135 |a drmn ---uucaa 
181 0 |a i  
182 0 |a b 
200 1 |a Формирователь импульсов  |f С. А. Новиков [и др.]  |g Томский политехнический институт (ТПИ), Научно-исследовательский институт ядерной физики (НИИ ЯФ) 
203 |a Текст  |c электронный 
300 |a опубл. 23.04.93 
330 |a Предлагаемое изобретение относится к технике СВЧ и предназначено для формирования мощных высокочастотных импульсов для целей радиолокации, исследования газового разряда и плазмы. 
610 1 |a патенты 
610 1 |a труды учёных ТПУ 
610 1 |a электронный ресурс 
610 1 |a СВЧ-техника 
610 1 |a мощные импульсы 
610 1 |a высокочастотные импульсы 
610 1 |a газовые разряды 
610 1 |a плазма 
610 1 |a авторские свидетельства 
701 1 |a Новиков  |b С. А. 
701 1 |a Разин  |b С. В. 
701 1 |a Чумерин  |b П. Ю.  |c физик  |c старший научный сотрудник Томского политехнического университета, доктор физико-математических наук  |f 1958-  |g Павел Юрьевич  |3 (RuTPU)RU\TPU\pers\29832 
701 1 |a Юшков  |b Ю. Г.  |c электрофизик  |c профессор Томского политехнического университета, доктор технических наук  |f 1937-  |g Юрий Георгиевич  |3 (RuTPU)RU\TPU\pers\22023 
701 1 |a Шиян  |b В. П.  |c специалист в области контроля качества  |c доцент Томского политехнического университета, старший научный сотрудник, кандидат физико-математических наук  |f 1946-  |g Владимир Петрович  |3 (RuTPU)RU\TPU\pers\28590  |9 13409 
712 0 2 |a Томский политехнический институт (ТПИ)  |b Научно-исследовательский институт ядерной физики (НИИ ЯФ)  |c (1975-1998)  |3 (RuTPU)RU\TPU\col\11922 
801 1 |a RU  |b 63413507  |c 20120201 
801 2 |a RU  |b 63413507  |c 20160608  |g RCR 
856 4 |u http://www1.fips.ru/fips_servl/fips_servlet?DB=RUPAT&rn=8987&DocNumber=1810988&TypeFile=html 
942 |c CF